000 00639nam a22002537a 4500
003 UA-OsUOA
001 31259
007 ta
008 20041208b un ||||| |||| 00| 0 ukr d
100 _aМоденов П.С.
700 _aПархоменко А.С.
090 _a514(075.8)
_bМ74
942 _cBK
040 _aUA-OsUOA
_brus
_cUA-OsUOA
_dUA-OsUOA
245 _aСборник задач по аналитической геометрии
300 _a384 с.
955 _a0
041 _arus
080 _a514(075.8)
260 _aМосква
_bНаука
_c1976
044 _aRU
650 7 _2UDC
999 _c317681
_d317681